Animações da Pixar - Statistics

Estatísticas Gerais
  • Esse quiz foi jogado 637 vezes
    601 desde o último reset
  • A pontuação média é 15 de 21
Estatísticas das Respostas
Ano Filme % Correto
1995 Toy Story - Um Mundo de Aventuras
95%
1999 Toy Story 2
84%
2010 Toy Story 3
84%
2006 Carros
82%
2001 Monstros S. A.
81%
2019 Toy Story 4
80%
2005 Os Incríveis
77%
2011 Carros 2
74%
2004 Procurando Nemo
74%
2012 Valente
73%
2008 Wall-E
72%
2017 Carros 3
71%
2009 Up - Altas Aventuras
71%
2015 Divertida Mente
69%
1998 Vida de Inseto
69%
2016 Procurando Dory
67%
2018 Os Incríveis 2
66%
2017 Viva – A Vida é Uma Festa
64%
2013 Universidade Monstros
60%
2007 Ratatouille
53%
2015 O Bom Dinossauro
49%
Nenhum quiz correspondente encontrado
Distribuição das Pontuações
Porcentagem de Pessoas com Cada Pontuação
Percentil de Números Respondidos
Sua Pontuação Histórica
Você não jogou esse quiz desde o último reset